000 00801cam a2200241 a 4500
001 000009560
005 20200929161626.0
008 900726s2000 sp a 000 f spa
020 _a8420712248
040 _aDO-SdBNP
_bBNPHU
_dCatalogación noche
082 _a863.7
_bM645p
100 1 _aMillás García, Juan José,
_d1946-
_921983
245 1 0 _aPapel mojado /
_cJuan José Millás ; presentación y apéndice, Constantino Bértolo Cadenas.
260 _aMadrid :
_bAnaya,
_c2000.
300 _a207 p. :
_bil. ;
_c20 cm.
490 1 _aTus libros selección
650 4 _aNovela española
_91123
650 4 _aNovela policíaca
_912168
650 4 _aLiteratura española
_9632
650 4 _aAsesinato
_xNovela
_913593
830 0 _aTus libros selección.
_924396
910 _aCatalogación derivada
999 _c9320
_d9320